000 01207nam a22003497a 4500
003 CHAP
005 20220329143451.0
008 091113s2007 mx r 00010 spa d
010 _a97072
011 _a98044
020 _a9706823050
035 _a108720
040 _cCHAP
082 0 4 _a972.53
_bG13
100 1 _aGallardo González, Esther.
_944346
245 1 0 _aSan Lorenzo Huipulco, entrada a los pueblos del sur :
_brecuperación de la identidad y la historia de un antiguo pueblo de Tlalpan
_c/por Esther Gallardo González
260 _aMéxico, D.F. :
_bPraxis
_c2007
300 _a214 p. :
_bilus.
590 _aBATCH-UPD
_b10
_c20130110
_lUCH01
_h1755
590 _aBATCH-UPD
_b10
_c20130410
_lUCH01
_h1132
590 _aBATCH-UPD
_b10
_c20130914
_lUCH01
_h1029
590 _aCONVERSION
_b10
_c20130109
_lUCH01
_h1354
650 1 4 _aComunidad
_xOrganización.
_926248
650 1 4 _aCostumbres.
_928552
650 1 4 _aDesarrollo de la comunidad.
_931967
650 1 4 _aIdentidad.
_957290
650 1 4 _aParticipación ciudadana
_985800
650 1 4 _aReligión y cultura.
_995837
901 _aBK
942 _cLIBRO
949 _a972.53 G13
_bBC
_cLIBRO
_d33724002107066
_eLIBRO
_gI.c/e
_h111349
_i108720
_sb
999 _c97072
_d97072